Cinéma par lettre - F - Statistiques

Statistiques générales
  • Ce quiz a été pris 212 fois
    164 depuis la dernière actualisation
  • Le résultat moyen est 12 sur 20
Statistiques - réponses
Questions Réponses % Correct
Quel film met en scène Tom Hanks racontant l'entièreté de sa riche vie sur un banc de Savannah ? Forrest Gump
93%
Quel acteur américain joue dans "Le Fugitif" et est le personnage principal de la série de films "Indiana Jones" ? Harrison Ford
89%
Quel film français met en scène le commissaire Juve tentant de traquer un mystérieux homme au masque bleu? Fantomas
84%
Quelle série de films met en scène des rodéos urbains dans les rues de Los Angeles ? Fast and Furious
84%
Quelle série télévisée américaine met en scène 3 hommes et 3 femmes partageant leurs péripéties dans un café ? Friends
84%
Quel film met en scène Edward Norton et Brad Pitt et relate l'histoire d'un jeune homme mal à l'aise tentant de s'extirper de sa routine ? Fight Club
79%
Quel acteur américain joue dans "Les Evadés" et "Seven" ? Morgan Freeman
79%
Quelle humoriste et actrice française joue dans "Barbecue" ou encore "Hollywoo" ? Florence Foresti
77%
Quel réalisateur est célèbre pour avoir réalisé la trilogie du "Parrain" ? Francis Ford Coppola
77%
Quelle créature a été interprétée pour la première fois en 1931 par Boris Karloff ? Monstre de Frankenstein
76%
Quelle actrice rousse joue dans "HPI" et incarne "Magalie" dans "Intouchables" ? Audrey Fleurot
69%
Quel chanteur et acteur français joue le célèbre "Don Camillo" et tient également un rôle dans "La Vache et le prisonnier" ? Fernandel
67%
Quel acteur interprète le rôle de Drago Malfoy dans la saga "Harry Potter" ? Tom Felton
50%
Quel film de 2014 met en scène Brad Pitt alias "Wardaddy" à la tête d'un équipage à la fin de la Seconde Guerre Mondiale ? Fury
45%
Quel acteur canadien interprète Marty McFly dans "Retour vers le futur" ? Michael Fox
33%
Quel film met en scène Alex, soudeuse le jour mais danseuse à succès le soir ? Flashdance
31%
Quel acteur américain a les rôles principaux dans "12 hommes en colère" et "Mon Nom est personne" ? Henry Fonda
30%
Quel acteur interprète le lieutenant Columbo ? Peter Falk
29%
Quel film met en scène Irène Cara se préparant aux métiers de la scène ? Fame
24%
Quel film de François Truffaut met en scène un état dictatorial dans lequel tous les livres sont brûlés ? Fahrenheit 451
23%
Aucun quiz correspondant
Distribution des résultats
% des personnes avec chaque résultat
Percentile par nombre de réponses
Votre historique - résultats
Vous n’avez pas pris ce quiz depuis la dernière actualisation